Quizzes
Events
Quiz Creation
Community
Videos
Private Events
Remove Ads
Sign In
Join for FREE
Feedback
Dark Mode
Quiz Categories
Sports
Geography
Music
Movies
Television
Just For Fun
Miscellaneous
History
Literature
Language
Science
Gaming
Entertainment
Religion
Holiday
For Kids
Quiz Lab
Recent
Popular Today
Quiz Kudos Today
Editor Picks
Curator Picks
Quizzes by...
Day
Popularity
Type
Ratings
Length
Year
Community
Subscriptions
Recent Discussions
Orange Saloon
Badges
Playlists
Quests
Create
Leaderboards
Showdown
Live 5
Trivia Bingo
Activity
Puzzle Library
Sporcle Events
Private Events
Virtual Trivia
Globe League
Become a Host
Pub Owners
SporcleCon
Opinionation
Our Games
Videos
Blog
Mobile Apps
Partnerships
Remove Ads and Go Orange
Feedback
Television
TV Characters
TV Show
Sitcom
Network
Friends
Reality Shows
Cast
South Park
Star Trek
The Simpsons
Doctor Who
Television
TV Characters
TV Show
Sitcom
Network
Friends
Reality Shows
Cast
South Park
Star Trek
The Simpsons
Doctor Who
Random Quiz
Search Sporcle
×
Quiz Lab
Quiz Lab
Television
episode
Type in answers that appear in a list
Type in answers that appear in a list
Classic
Best Score? Go Orange.
Top gear guests Stats
Can you name the Top Gear Guests?
By
JT007
20m
108 Questions
117 Plays
117 Plays
117 Plays
Comments
Comments
Give Quiz Kudos
Give Quiz Kudos
-
- Ratings
hide this ad
Replay
Link that replays current quiz
Next Quiz
Link to next quiz in quiz playlist
You Got
0%
They Got
Avg Score
19%
Avg Friend Score
Upgrade to see
Score Distribution
Jump to the score distribution portion of the page
Score
0/108
Timer
20:00
0
Plays Today
Series and Episode
% Correct
Series 3 Episode 5
Simon Cowell
63.2%
Series 10 Episode 5
Simon Cowell
63.2%
Series 1 Episode 2
Jay Kay
62.4%
Series 11 Episode 6
Jay Kay
62.4%
Series 1 Episode 8
Michael Gambon
49.6%
Series 8 Episode 5
Michael Gambon
49.6%
Series 12 Episode 7
Tom Jones
41.9%
Series 7 Episode 6
David Walliams and Jimmy Carr
40.2%
Series 2 Episode 4
Boris Johnson
39.3%
Series 12 Episode 6
Boris Johnson
39.3%
Series 2 Episode 1
Vinnie Jones
36.8%
Series 2 Episode 2
Jamie Oliver
36.8%
Series 1 Episode 9
Gordon Ramsay
35.9%
Series 10 Episode 8
James Blunt and Lewis Hamilton
35.9%
Series 13 Episode 6
Brian Johnson
35%
Series 3 Episode 2
Stephen Fry
34.2%
Series 13 Episode 2
Stephen Fry
34.2%
Series 1 Episode 5
Jonathan Ross
33.3%
Series 1 Episode 1
Harry Enfield
32.5%
Series 12 Episode 4
Harry Enfield
32.5%
Series 9 Episode 1
Jamie Oliver
31.6%
Series 4 Episode 6
Terry Wogan
29.1%
Series 6 Episode 5
Damon Hill
28.2%
Series 2 Episode 8
Jodie Kidd
27.4%
Series 7 Episode 5
Nigel Mansell
27.4%
Series 2 Episode 6
Richard Whitely
26.5%
Series 10 Episode 10
David Tennant
26.5%
Series 13 Episode 1
Michael Schumacher
26.5%
Series 13 Episode 3
Michael McIntyre
26.5%
Series 2 Episode 10
Alan Davies
24.8%
Series 9 Episode 4
Simon Pegg
24.8%
Series 6 Episode 10
Davina Mcall and Mark Webber
23.9%
Series 4 Episode 3
Jordan
23.1%
Series 8 Episode 7
Steve Coogan
23.1%
Series 12 Episode 3
Mark Wahlberg
23.1%
Series 4 Episode 7
Lionel Richie
22.2%
Series and Episode
% Correct
Series 13 Episode 7
Jay Leno
21.4%
Series 2 Episode 9
Patrick Stewart
20.5%
Series 6 Episode 9
Chris Evans
20.5%
Series 7 Episode 2
Ian Wright
20.5%
Series 9 Episode 6
Billie Piper
20.5%
Series 10 Episode 1
Helen Mirren
20.5%
Series 8 Episode 4
Ewan Mcgregor
19.7%
Series 10 Episode 3
Ronnie Wood
19.7%
Series 1 Episode 3
Ross Kemp
18.8%
Series 9 Episode 5
Kristin Scott Thomas
18.8%
Series 6 Episode 7
Justin Hawkins
17.9%
Series 3 Episode 1
Martin Kemp
17.1%
Series 5 Episode 2
Geri Halliwell
17.1%
Series 10 Episode 7
Jennifer Saunders
17.1%
Series 12 Episode 1
Michael Parkinson
17.1%
Series 13 Episode 4
Usain Bolt
17.1%
17.1%
17.1%
Series 3 Episode 4
Rich Hall
16.2%
Series 8 Episode 6
Brian Cox
16.2%
Series 9 Episode 2
Hugh Grant
16.2%
Series 5 Episode 4
Jimmy Carr and Steve Coogan
15.4%
Series 8 Episode 2
Gordan Ramsay and The Stig
15.4%
Series 5 Episode 7
Roger Daltrey
14.5%
Series 11 Episode 3
James Corden and Rob Brydon
14.5%
Series 12 Episode 2
Will Young
14.5%
Series 2 Episode 3
David Soul
13.7%
Series 2 Episode 5
Anne Robinson
13.7%
Series 7 Episode 1
Trevor Eve
13.7%
Series 7 Episode 4
Ellen Macarthur
13.7%
Series 4 Episode 2
Paul Mckenna
11.1%
Series 11 Episode 1
Alan Carr and Justin Lee Collins
11.1%
Series 11 Episode 4
Fiona Bruce and Kate Silverton
11.1%
Series 12 Episode 5
Kevin McCloud
11.1%
Series 13 Episode 5
Sienna Miller
11.1%
Series 3 Episode 8
Jonny Vegas
10.3%
Series and Episode
% Correct
Series 5 Episode 5
Christian Slater
10.3%
Series 10 Episode 6
Lawrence Dallaglio
10.3%
Series 4 Episode 1
Fay Ripley
8.5%
Series 4 Episode 10
Patrick Kielty
8.5%
Series 7 Episode 3
Stephen Ladyman
8.5%
Series 11 Episode 5
Peter Jones and Theo Paphitis
8.5%
Series 1 Episode 7
Rick Parfitt
7.7%
Series 4 Episode 8
Martin Clunes
7.7%
Series 10 Episode 2
Jools Holland
7.7%
Series 2 Episode 7
Neil Morrisey
6.8%
Series 3 Episode 7
Rory Bremner
6.8%
Series 4 Episode 9
Ranulph Fiennes
6.8%
Series 5 Episode 3
Joanna Lumley
6.8%
Series 6 Episode 3
Christopher Ecclestone
6.8%
Series 3 Episode 6
Sanjeev Bhaskar
6%
Series 6 Episode 2
Jack Dee
6%
Series 8 Episode 8
Jenson Button and Ray Winstone
6%
5.1%
Series 1 Episode 6
Tara Palmer Tomkinson
5.1%
Series 5 Episode 1
Bill Bailey and Anthony Worrel Thompson
5.1%
Series 5 Episode 6
Cliff Richard and Billy Baxter
5.1%
Series 5 Episode 8
Eddie Izzard
5.1%
Series 6 Episode 11
Timothy Spall
5.1%
Series 8 Episode 3
Philip Glenister
5.1%
Series 10 Episode 9
Keith Allen
5.1%
Series 4 Episode 4
Ronny O Sullivan
4.3%
Series 5 Episode 9
Trinny Woodall and Susannah Constantine
4.3%
Series 11 Episode 2
Rupert Penry Jones and Peter Firth
4.3%
Series 3 Episode 3
Rob Bryden
3.4%
Series 6 Episode 1
James Nesbitt
3.4%
Series 6 Episode 4
Omid Djalili
3.4%
Series 6 Episode 8
Tim Rice
3.4%
Series 3 Episode 9
Carol Vordermen
2.6%
Series 6 Episode 6
David Dimbleby
2.6%
Series 1 Episode 4
Steve Coogan and Richard Burns
1.7%
Series 4 Episode 5
Johnny Vaughan and Denise Van Outen
1.7%
Quiz Playlist
Details
Report
Send in Message
Add To Playlist
Classic:
Type in answers that appear in a list
Quiz Source
Last Updated: Feb 16, 2017
Quiz Scoreboard
CHALLENGE
Sign Up to Join the Scoreboard
Show All
Scores
Hide
Comments
May contain spoilers
Recently Published
Presidents Visiting Landmarks
by Hejman
History
7m
An Introduction to Baseball
by treessimontrees
Sports
5m
Movies - When Are They Set?
by FPL_Elf
Movies
5m
More to Explore
Quiz From the Vault
Featured Blog Post
Where Did the Easter Bunny Come From?
hide this ad
You Might Also Like...
Tags
episode
gear
guest
Top Gear
Today's Top Quizzes in Television
Browse Television
hide this ad
Today's Top Quizzes in episode
Browse episode
Top Contributed Quizzes in Television
1
5-to-1: The Simpsons Families
2
5-to-1: Television Doctors
3
7-to-1: TV Show Settings
4
One Piece Logic Puzzle
5
5-to-1: Streaming Originals
6
Survivor Seasons
7
Survivor Logic Puzzle: Heroes vs. Villains
8
TV Shows by First Names
9
Survivor Season by Logo
10
One Thing in Common: Television
Explore More
Trending Topics
Kpop
Disney
Crossword
Marvel
Anime
Harry Potter
NBA
The Office
WWE
Soccer
Country
Puzzle
Song
Pokémon
NFL
hide this ad
More By:
JT007
Quiz
Plays
Rating
Category
Featured
Created
'N' Countries
279,770
4.49
Geography
Feb 1, 2010
Mixed Word: Countries to Capital
53,911
4.26
Just For Fun
Mar 1, 2010
can you name the car by manufacturer 2
1,569
1.67
Just For Fun
Nov 6, 2009
Countries that these cars were first built
946
3.00
Just For Fun
Nov 8, 2009
Car manufacturers
899
4.50
Just For Fun
Nov 21, 2009
Go to Creator's Profile
Score Distribution
Quiz Creator Spotlight
JT007
Follow
Send a Message
Quizzes Created
-
Created Quiz Play Count
-
More By This Creator
Popular Quizzes Today
1
Find the US States - No Outlines Minefield
2
Find the Countries of Europe - No Outlines Minefield
3
The Countries of the World
4
Find the US States
5
Popular People in 1961
6
US States
7
Risky Map Clicking: Biggest States A-Z
8
Movies - When Are They Set?
More Television Quizzes
Firefly Episodes
Published
Trending Quizzes
Risky Map Clicking: Least Populous States A-Z
1-10 Letter G Words
1-10 Letter F Words
Risky Map Clicking: Next State Alphabetically
Risky Map Clicking: Biggest States A-Z
Recently Updated
Leaping Animals
pecheneg
Reality TV Shows (A-Z)
bhenderson79
Rickey Henderson's Hall of Fame Teammates
pecheneg
Champions League XIs: Arsenal
pecheneg
Quick Pick: Celebrities in WWE's Hall of Fame
aduchscher
A-Z Keypad Blitz II
pecheneg
Multiple Oscar Actors
pecheneg
Mystery Phrase Blitz: Oscar 'Best Actors'
pecheneg
F. Scott Fitzgerald Novels
LTH
Pick 3 Villains
ddd62291
Trending Topics
Crossword
Disney
Anime
Harry Potter
Marvel
NBA
Kpop
Song
Pokémon
Puzzle
NFL
Soccer
Country
The Office
WWE
Your Account Isn't Verified!
In order to create a playlist on Sporcle, you need to verify the email address you used during registration. Go to your
Sporcle Settings
to finish the process.
Report this User
Report this user for behavior that violates our
Community Guidelines
.
Details:
Send Report
Go to the Sporcle.com Mobile Site →
Comments